MECHANICAL ENGINEERING LABIRATORY (Record no. 569525)
[ view plain ]
| 000 -LEADER | |
|---|---|
| fixed length control field | 00272nam a22001097a 4500 |
| 082 ## - DEWEY DECIMAL CLASSIFICATION NUMBER | |
| Classification number | 621.004 MES'M |
| 100 ## - MAIN ENTRY--PERSONAL NAME | |
| Personal name | MESSERSMITH, C.W,WARNER, C.F |
| 9 (RLIN) | 59582 |
| 245 ## - TITLE STATEMENT | |
| Title | MECHANICAL ENGINEERING LABIRATORY |
| 260 ## - PUBLICATION, DISTRIBUTION, ETC. | |
| Place of publication, distribution, etc. | NEW YORK |
| Name of publisher, distributor, etc. | JOHN WILEY |
| Date of publication, distribution, etc. | 1950 |
| 300 ## - PHYSICAL DESCRIPTION | |
| Extent | 160P |
| 942 ## - ADDED ENTRY ELEMENTS (KOHA) | |
| Koha item type | Book |
| Withdrawn status | Lost status | Damaged status | Not for loan | Permanent Location | Current Location | Shelving location | Date acquired | Total Checkouts | Full call number | Barcode | Date last seen | Price effective from | Koha item type |
|---|---|---|---|---|---|---|---|---|---|---|---|---|---|
| College of Electrical & Mechanical Engineering (CEME) | College of Electrical & Mechanical Engineering (CEME) | General Stacks | 07/18/2017 | 621.004 MES'M | CEME-1580 | 06/28/2021 | 06/28/2021 | Book | |||||
| College of Electrical & Mechanical Engineering (CEME) | College of Electrical & Mechanical Engineering (CEME) | General Stacks | 07/18/2017 | 621.004 MES'M | CEME-1581 | 06/28/2021 | 06/28/2021 | Book |
